Quizzes
Events
Quiz Creation
Community
Videos
Private Events
Remove Ads
Sign In
Join for FREE
Feedback
Dark Mode
Quiz Categories
Sports
Geography
Music
Movies
Television
Just For Fun
Miscellaneous
History
Literature
Language
Science
Gaming
Entertainment
Religion
Holiday
For Kids
Quiz Lab
Recent
Popular Today
Quiz Kudos Today
Editor Picks
Curator Picks
Quizzes by...
Day
Popularity
Type
Ratings
Length
Year
Community
Subscriptions
Recent Discussions
Orange Saloon
Badges
Playlists
Quests
Create
Leaderboards
Showdown
Live 5
Trivia Bingo
Activity
Puzzle Library
Sporcle Events
Private Events
Virtual Trivia
Globe League
Become a Host
Pub Owners
SporcleCon
Opinionation
Our Games
Videos
Blog
Mobile Apps
Partnerships
Remove Ads and Go Orange
Feedback
Geography
Country
Landmarks
City
State
Population
World
Capital
Continent
Flags
Europe
Africa
Asia
South America
North America
Oceania
Border
Canada
United Kingdom
Topography
United States
Geography
Country
Landmarks
City
State
Population
World
Capital
Continent
Flags
Europe
Africa
Asia
South America
North America
Oceania
Border
Canada
United Kingdom
Topography
United States
Random Quiz
Search Sporcle
×
Quiz Lab
Quiz Lab
Geography
Asia
Type in answers that appear in a list
Type in answers that appear in a list
Classic
Best Score? Go Orange.
Cities and Towns of Okayama Prefecture Stats
Can you name the Cities and Towns of Okayama Prefecture
By
phibbyfan
6m
27 Questions
34 Plays
34 Plays
34 Plays
Comments
Comments
Give Quiz Kudos
Give Quiz Kudos
-
- Ratings
hide this ad
More Info
Replay
Link that replays current quiz
Next Quiz
Link to next quiz in quiz playlist
You Got
0%
They Got
Avg Score
62%
Avg Friend Score
Upgrade to see
Score Distribution
Jump to the score distribution portion of the page
Score
0/27
Timer
06:00
0
Plays Today
Population
City
% Correct
709,584
Okayama
100%
475,513
Kurashiki
94.1%
106,788
Tsuyama
70.6%
64,588
Tamano
67.6%
54,225
Kasaoka
67.6%
43,458
Akaiwa
67.6%
33,870
Niimi
67.6%
66,201
Soja
64.7%
37,852
Setouchi
64.7%
37,839
Bizen
64.7%
34,963
Takahashi
64.7%
30,498
Mimasaka
64.7%
15,362
Wake
64.7%
48,964
Maniwa
61.8%
Population
City
% Correct
13,033
Kibichuo
61.8%
36,114
Asakuchi
58.8%
6,085
Nagi
58.8%
43,927
Ibara
55.9%
12,214
Hayashima
55.9%
1,520
Nishiawakura
55.9%
15,642
Misaki
52.9%
11,195
Shoo
52.9%
10,916
Satosho
52.9%
957
Shinjo
52.9%
15,092
Yakage
47.1%
13,580
Kagamino
47.1%
5,296
Kumenan
41.2%
Quiz Playlist
Details
Report
Send in Message
Add To Playlist
More Info:
Enter the names of the cities, towns, and villages in Okayama Prefecture. (Population data from 2014)
Classic:
Type in answers that appear in a list
Last Updated: Feb 16, 2017
Quiz Scoreboard
CHALLENGE
Sign Up to Join the Scoreboard
Show All
Scores
Hide
Comments
May contain spoilers
Recently Published
9x9 Crossword: Cartoon Network
by jackfrog10
Miscellaneous
3m
College Basketball Coaching Resumes
by pancakes188
Sports
9m
Billboard Blitz: Fleetwood Mac
by CooCooCachoo
Music
15s
More to Explore
Quiz From the Vault
Featured Blog Post
Where Did the Easter Bunny Come From?
hide this ad
You Might Also Like...
Tags
Asia Quiz
Japanese Quiz
Japan
prefecture
Today's Top Quizzes in Geography
Browse Geography
hide this ad
Today's Top Quizzes in Asia
Browse Asia
Top Contributed Quizzes in Geography
1
Countries of the World - No Outlines Minefield
2
Top 25 Cities of France on a map
3
Any capital of a 'B' country per Continent
4
Any capital of a 'C' country per Continent
5
Closest Countries to UK A-Z
6
Any capital of a 'D' country per Continent
7
5-to-1: US Geography No Hints
8
Any capital of an 'E' country per Continent
9
Find the US States - No Outlines
10
Any capital of an 'F' country per Continent
Explore More
Trending Topics
Anime
Disney
Kpop
NBA
Harry Potter
Marvel
Crossword
Soccer
Pokémon
Song
The Office
Country
NFL
WWE
Puzzle
hide this ad
More By:
phibbyfan
Quiz
Plays
Rating
Category
Featured
Created
'The Lion King' Swahili Lesson
39,524
4.41
Language
Jan 18, 2010
Japanese Prefectures by English Translation
1,943
4.83
Language
May 19, 2012
Miss Universe Winning Countries/Territories
1,630
4.00
Entertainment
Feb 7, 2010
Japanese Prefectures by Famous Sites
1,102
4.67
Geography
Jan 16, 2010
Atlantic Slave Trade Nations
1,013
4.08
History
Feb 10, 2010
Go to Creator's Profile
Score Distribution
Quiz Creator Spotlight
phibbyfan
Follow
Send a Message
Quizzes Created
-
Created Quiz Play Count
-
More By This Creator
Popular Quizzes Today
1
Find the US States - No Outlines Minefield
2
Find the Countries of Europe - No Outlines Minefield
3
The Countries of the World
4
Find the US States
5
Risky Map Clicking: Biggest States A-Z
6
US States
7
Popular People in 1961
8
Movies - When Are They Set?
More Geography Quizzes
15 Flags, 15 Capitals XI
Quiz Lab
Trending Quizzes
Risky Map Clicking: Least Populous States A-Z
1-10 Letter G Words
1-10 Letter F Words
Risky Map Clicking: Next State Alphabetically
Adjectives in 80s TV Shows
Recently Updated
Leaping Animals
pecheneg
Reality TV Shows (A-Z)
bhenderson79
Rickey Henderson's Hall of Fame Teammates
pecheneg
Champions League XIs: Arsenal
pecheneg
Quick Pick: Celebrities in WWE's Hall of Fame
aduchscher
A-Z Keypad Blitz II
pecheneg
Multiple Oscar Actors
pecheneg
Mystery Phrase Blitz: Oscar 'Best Actors'
pecheneg
F. Scott Fitzgerald Novels
LTH
Pick 3 Villains
ddd62291
Trending Topics
Anime
Kpop
Crossword
NBA
Harry Potter
Disney
Marvel
WWE
NFL
Country
The Office
Pokémon
Puzzle
Soccer
Song
Your Account Isn't Verified!
In order to create a playlist on Sporcle, you need to verify the email address you used during registration. Go to your
Sporcle Settings
to finish the process.
Report this User
Report this user for behavior that violates our
Community Guidelines
.
Details:
Send Report
Go to the Sporcle.com Mobile Site →
Comments